More show me how : everything we couldn't fit in the first book : instructions for life from the everyday to the exotic

Gorde:
Xehetasun bibliografikoak
Egile Nagusiak: Fagerstrom, Derek (Egilea), Smith, Lauren (Egilea)
Formatua: Liburua
Argitaratua: New York, USA: Collins Design, 2010.
Gaiak:
Etiketak: Etiketa erantsi
Etiketarik gabe, Izan zaitez lehena erregistro honi etiketa jartzen!

MARC

LEADER 00000nam a22000007a 4500
003 CL-VaPUC
005 20250407202451.0
008 250318t2010 ||||| |||| 00| 0 eng d
999 |c 447424  |d 447422 
020 |a 978-0-06-199879-9 
040 |c Pontificia Universidad Católica de Valparaíso 
082 7 |2 22  |a 640 FAG 2010 
100 1 |a Fagerstrom, Derek  |e author  |9 897028 
245 |a More show me how :  |b everything we couldn't fit in the first book : instructions for life from the everyday to the exotic 
260 |a New York, USA:  |b Collins Design,  |c 2010. 
300 |a [sin paginación] :  |b ilustraciones. 
500 |a c.1. Instituto Arcos 8-1-2025. 
583 |c 20250318  |k GC 
650 |a Habilidades para la vida  |x Manuales para aficionados  |9 897029 
650 |2 Reparación  |v Manuales para aficionados  |9 260681 
650 |2 Trabajos de bricolaje  |v Manuales para aficionados  |9 260681 
700 |a Smith, Lauren  |e author   |9 897030 
942 |2 ddc  |c BK  |n 0 
952 |0 0  |1 0  |2 ddc  |4 0  |6 640_000000000000000_FAG_2010  |7 0  |8 A  |9 601436  |a BIBINC  |b BIBINC  |d 2025-03-18  |e Instituto Arcos   |i 5666367  |o 640 FAG 2010  |p 5666367  |r 2025-03-18  |t 1  |w 2025-03-18  |y BK  |k IFP